| 000 | 00000nam##2200000za#4500 |
| 001 | 9.679316 |
| 003 | CaOODSP |
| 005 | 20250319165113 |
| 007 | ta |
| 008 | 150407|1994||||xxc||||| f|0| 0 fre|d |
| 020 | |a0-662-99422-1 |
| 040 | |aCaOODSP|bfre |
| 043 | |an-cn--- |
| 086 | 1 |aH72-21/120-1994F |
| 110 | 1 |aCanada. |bSanté Canada. |
| 245 | 10|aViolence et négligence à l'égard des personnes âgées: atelier de sensibilisation du personnel en milieu de travail : |bun guide pour les gens qui veulent se réunir afin de discuter des problèmes de violence familiale / |cPublié conjointement par la Division de la santé mentale et le Centre national d'information sur la violence dans la famille. |
| 260 | |aOttawa - Ontario : |bSanté Canada |c1994. |
| 300 | |a41p. en pagination multiple. : |bréférences ; |c28 cm. |
| 563 | |aCouverture souple |
| 590 | |a95-03|b1995-01-20 |
| 691 | 07|aAîné|2gcpds |
| 691 | 07|aViolence familiale|2gcpds |
| 775 | 08|tAbuse and neglect of older adults: awareness information for people in the workplace : |w(CaOODSP)9.645668 |
| 776 | 0#|tViolence et négligence à l'égard des personnes âgées : |w(CaOODSP)9.639686 |